[Event "39th WCh U20 Girls"]
[Site "Mexico City MEX"]
[Date "2023.10.01"]
[Round "11.26"]
[White "Mendoza Recio, Josselyne"]
[Black "Benito De Leo, Estefania"]
[Result "1/2-1/2"]
[WhiteElo "1573"]
[BlackElo "1712"]
[EventDate "2023.09.21"]
[PlyCount "60"]

1.e4 e5 2.Nf3 Nc6 3.d4 exd4 4.Nxd4 Nf6 5.Nxc6 bxc6 6.Bd3 d5 7.exd5 cxd5 8.
O-O Be7 9.c3 O-O 10.Bg5 h6 11.Bh4 Rb8 12.b3 Ng4 13.Bxe7 Qxe7 14.Be2 Qg5 
15.Nd2 Nf6 16.Nf3 Qf4 17.Qd4 Qxd4 18.cxd4 Re8 19.Bd3 Rb6 20.Rac1 Ba6 21.
Bxa6 Rxa6 22.Rxc7 Rxa2 23.Ne5 Ne4 24.b4 a5 25.bxa5 Rxa5 26.Nxf7 Ra4 27.f3 
Nd2 28.Rd1 Rxd4 29.Ra1 Nc4 30.Raa7 Rd2 1/2-1/2